|
|
|
|
| LEADER |
00000cam a22000004a 4500 |
| 001 |
musev2_99993 |
| 003 |
MdBmJHUP |
| 005 |
20230905053457.0 |
| 006 |
m o d |
| 007 |
cr||||||||nn|n |
| 008 |
220303s2021 gw o 00 0 spa d |
| 020 |
|
|
|a 9783944773353
|
| 020 |
|
|
|z 9783944773346
|
| 035 |
|
|
|a (OCoLC)1303187826
|
| 040 |
|
|
|a MdBmJHUP
|c MdBmJHUP
|
| 100 |
1 |
|
|a Cacciavillani, Pamela Alejandra
|e VerfasserIn.
|0 (DE-588)1252836317
|0 (DE-627)1794613250
|4 aut
|
| 245 |
1 |
0 |
|a Celebrar lo imposible :
|b El Código Civil en el régimen jurídico de la propiedad: Córdoba entre fines del siglo XIX y comienzos del XX /
|c Pamela Alejandra Cacciavillani.
|
| 264 |
|
1 |
|a Frankfurt am Main
|b Max Planck Institut for Legal History and Legal Theory
|c 2021
|
| 264 |
|
3 |
|a Baltimore, Md. :
|b Project MUSE,
|c 2022
|
| 264 |
|
4 |
|c ©2021
|
| 300 |
|
|
|a 1 online resource (304 pages):
|b Illustrationen.
|
| 336 |
|
|
|a text
|b txt
|2 rdacontent
|
| 337 |
|
|
|a computer
|b c
|2 rdamedia
|
| 338 |
|
|
|a online resource
|b cr
|2 rdacarrier
|
| 490 |
0 |
|
|a Global Perspectives on Legal History
|v volume 17
|
| 502 |
|
|
|b Dissertation
|c National University of Córdoba (Argentina)
|d 2021.
|
| 506 |
0 |
|
|a Open Access
|f Unrestricted online access
|2 star
|
| 588 |
|
|
|a Description based on print version record.
|
| 655 |
|
7 |
|a Hochschulschrift.
|0 (DE-588)4113937-9
|0 (DE-627)105825778
|0 (DE-576)209480580
|2 gnd-content
|
| 655 |
|
7 |
|a Electronic books.
|2 local
|
| 710 |
2 |
|
|a Project Muse.
|e distributor
|
| 830 |
|
0 |
|a Book collections on Project MUSE.
|
| 856 |
4 |
0 |
|z Texto completo
|u https://projectmuse.uam.elogim.com/book/99993/
|